Bangladesh - Statistics

Estatísticas Gerais
  • Esse quiz foi jogado 8 vezes
  • A pontuação média é 5 de 15
Estatísticas das Respostas
Hint Resposta % Correto
Em que continente fica? Ásia
100%
Qual é a sua religião? Islamismo
86%
Qual é a sua capital? Daca
71%
Qual é o seu idioma? Bengali
57%
Qual é o seu código ISO? BGD
43%
No país qual mão é considerada impura? Esquerda
43%
Com que países faz fronteira? Índia e Myanmar
43%
Como se chama a baía mais conhecida do país? Baía de Bengala
29%
Que golfo limita o norte do país? Golfo de Bengala
29%
Como se chama o animal nacional do país? Tigre-de-bengala
29%
Como se chama a sua moeda? Taka
14%
Qual é o desporto nacional do país? Kabaddi
0%
Qual é a árvore nacional do país? Mangueira
0%
Qual é a flor nacional do país? Nenúfar branco
0%
Qual é o ponto mais alto do país? Saka Haphong
0%
Nenhum quiz correspondente encontrado
Distribuição das Pontuações
Porcentagem de Pessoas com Cada Pontuação
Percentil de Números Respondidos
Sua Pontuação Histórica
Você não jogou esse quiz